000 00208nam a2200085Ia 4500
008 120527s9999 xx 000 0 und d
100 _aReinhardt
245 _aElementary probability and statistical
942 _cBK
999 _c27463
_d27463